[Event "Montigny le Bretonneux Noel op 08th"]
[Site "Montigny le Bretonneux"]
[Date "2005.12.31"]
[Round "7"]
[White "Mazaltob, Gerald"]
[Black "He, Quentin"]
[Result "1-0"]
[WhiteElo "1550"]
[BlackElo "1210"]
[PlyCount "37"]
[EventDate "2005.12.26"]
[EventType "swiss"]
[EventRounds "7"]
[EventCountry "FRA"]
[SourceTitle "CBM 110 Extra"]
[Source "ChessBase"]
[SourceDate "2006.03.10"]
[SourceVersion "2"]
[SourceVersionDate "2006.03.10"]
[SourceQuality "1"]

1. d4 d5 2. Nf3 Nc6 3. Bg5 Nf6 4. e3 Bg4 5. c4 e6 6. Nc3 Be7 7. Be2 dxc4 8. Bxc4 Bxf3 9. Qxf3 e5 10. d5 Nb4 11. 0-0 0-0 12. Rfd1 Qd7 13. Bxf6 Bxf6 14. Qe4 c6 15. d6 b5 16. Bb3 Rac8 17. a3 Na6 18. Bc2 Nc5 19. Qxh7# 1-0

[Event "Montigny le Bretonneux Noel op 08th"]
[Site "Montigny le Bretonneux"]
[Date "2005.12.26"]
[Round "1"]
[White "Roux, Jean Luc"]
[Black "He, Quentin"]
[Result "1-0"]
[WhiteElo "1911"]
[BlackElo "1210"]
[PlyCount "65"]
[EventDate "2005.12.26"]
[EventType "swiss"]
[EventRounds "7"]
[EventCountry "FRA"]
[SourceTitle "CBM 110 Extra"]
[Source "ChessBase"]
[SourceDate "2006.03.10"]
[SourceVersion "2"]
[SourceVersionDate "2006.03.10"]
[SourceQuality "1"]

1. e4 e5 2. Nf3 Nc6 3. Bb5 Nf6 4. 0-0 Nxe4 5. Re1 Nf6 6. Nxe5 Be7 7. d4 0-0 8. Nc3 d5 9. Nxc6 bxc6 10. Bxc6 Rb8 11. Qf3 Bg4 12. Qe3 Re8 13. Bxe8 Qxe8 14. Qxe7 Qxe7 15. Rxe7 Bf5 16. Rxc7 Bxc2 17. b3 Re8 18. Be3 g6 19. Nxd5 Nxd5 20. Rxc2 Nxe3 21. fxe3 Rxe3 22. Rd1 Kg7 23. d5 Re7 24. d6 Rd7 25. Rc7 Rxc7 26. dxc7 Kf6 27. c8Q Kg5 28. h3 a5 29. Rd5+ f5 30. Qd8+ Kh6 31. Qh4+ Kg7 32. Rd7+ Kf8 33. Qd8# 1-0